000 00310nam a22001337a 4500
008 180918b xxu||||| |||| 00| 0 eng d
020 _a0070504040
041 _aeng
080 _a617
100 _a5
101 _aKIR
245 _aManual of Patient Care in Vascular Surgery
_cHallett, J.W
942 _2udc
_cBK
999 _c47892
_d47892